| 000 | 00713nam a22002057a 4500 | ||
|---|---|---|---|
| 005 | 20150124124103.0 | ||
| 008 | 121113t ag||||| |||| 00| 0 spa d | ||
| 020 | _a9502007030 (V.1) | ||
| 020 | _a9502009959 (V.3) | ||
| 050 | 0 | 4 |
_aKHA1400 _bR39 1992 |
| 100 | 1 | _aRay, José Domingo | |
| 245 | 1 | 0 |
_aDerecho de la navegación : _bcon textos legales nacionales e internacionales y sobre comercio exterior / _cJosé Domingo Ray |
| 250 | _a1a ed. | ||
| 260 |
_aBuenos Aires, Argentina : _bABELEDO-PERROT, _c1992 |
||
| 300 |
_a2 v. ; _c24 cm. |
||
| 504 | _aIncluye bibliografía e índice | ||
| 650 | 7 |
_2LEMB _aDerecho maritimo _zArgentina |
|
| 650 | 7 |
_2LEMB _aDerecho comercial maritimo _zArgentina |
|
| 942 |
_2lcc _cLIB |
||
| 999 |
_c34899 _d34899 |
||